000 00836nam a22001937a 4500
999 _c169756
_d169756
005 20191202145630.0
010 _aUR-10647
020 _c250.00
_a9789388736947
035 _aU-9202
037 _bDBAD/PUB
_a-
082 _a843.4
100 _aتر تيب و تد و ين : پر و يز شہر يا ر
245 _aبيد ی کے منتخب ا فسا نو ں کاتجز يا تی مطا لعہ (مع ا سلو ب ا و ر ز با ن)
_cتر تيب و تد و ين : پر و يز شہر يا ر
246 _bBedi Ke Muntakhab Afsano Ka Tajaziyati Mutaleyah (Urdu)
_aby Dr.Parvez Shaharyar
260 _aDelhi
_bEducational Publishing House
_c2019 ء
270 _a3191,Vakil Street, Kucha Pandit,Lal Kuan,
_bDelhi
_e110006
_k01123216162
_l-
300 _a203ص
_c22 Cm(Hb)
942 _2ddc
_cUR
_h843.4
_mپ ر و